000
00253nam a2200109Ia 4500
008
231212s1980 xx 000 0 und d
041
_a
eng
082
_a
515.4
100
_a
Fetisov A.I.
245
_a
Proof in Geometry
260
_a
Mascow
_b
Mir Pub
_c
1980
999
_c
958545
_d
958545